000 00308nam a2200121Ia 4500
008 180323s9999 xx 000 0 und d
020 _a9831872924
100 _aChuah Hong Hoon
245 _aFirst multi-skill workbook /
250 _a1st ed
260 _aMalaysia :
_b2005
_cRhythm pub
300 _a205 pages
999 _c356350
_d356350